<?xml version="1.0" encoding="UTF-8"?>
<collection xmlns="http://www.loc.gov/MARC21/slim">
  <record>
    <leader>00000nam  2200000   4500</leader>
    <controlfield tag="001">INLIS000000000018288</controlfield>
    <controlfield tag="005">20240924084052</controlfield>
    <datafield tag="035" ind1="#" ind2="#">
      <subfield code="a">0010-0924000117</subfield>
    </datafield>
    <controlfield tag="007">ta</controlfield>
    <controlfield tag="008">240924###########################0######</controlfield>
    <datafield tag="245" ind1="#" ind2="#">
      <subfield code="a">Kawal Trantip :</subfield>
      <subfield code="b">Kawal Trantip /</subfield>
      <subfield code="c">Andika Musdar, S.IP., M.Si</subfield>
    </datafield>
    <datafield tag="260" ind1="#" ind2="#">
      <subfield code="a">Makassar :</subfield>
      <subfield code="b">Puslatbang KMP LAN RI Makassar,</subfield>
      <subfield code="c">2024</subfield>
    </datafield>
    <datafield tag="300" ind1="#" ind2="#">
      <subfield code="a">28 ;</subfield>
      <subfield code="c">30</subfield>
    </datafield>
    <datafield tag="650" ind1="#" ind2="4">
      <subfield code="a">Penegakan dan pemeliharaan ketentraman dan ketertiban umum</subfield>
    </datafield>
    <datafield tag="700" ind1=" " ind2="#">
      <subfield code="a">Andi Hasibullah, S.STP (Mentor)</subfield>
    </datafield>
    <datafield tag="700" ind1=" " ind2="#">
      <subfield code="a">Zul Chaidir, S.Sos., M.PA (Coach)</subfield>
    </datafield>
    <datafield tag="520" ind1="#" ind2="#">
      <subfield code="a">Satpol pp pada hakekatnya memberikan perlindungan kepada masyarakat, sehingga dapat terwujud rasa tenteram dan tertib di tengah-tengah masyarakat. Secara teknis, agar intruksi dalam Undang-Undang Nomor 23 Tahun 2014 dapat diaplikasikan pada tataran pelaksanaan.&#13;
&#13;
Maka dibuatlah aturan pelaksanaannya, berupa Peraturan Nomor 16 Tahun 2018 tentang Satuan Polisi Pamong Praja terutama pada pasal 5, yang menjabarkan tugas Satpol PP yakni pasal Perkada, menyelenggaran ketertiban umum dan Retenteraman masyarakat serta menyelenggarakan pelindungan masyarakat. Pemerintah menegakkan&#13;
&#13;
Pemerintah Pusat dalam hal ini Kementerian Dalam Negeri Dembinaan dan pengawasan terhadap penyelenggaraan Urusan Pemerintah oleh Daerah. Pemerintah Daerah wajib melakukan Dembinaan teknis operasional, sebagaimana tertuang dalam Peraturan Pemerintah Nomor 16 Tahun 2018 pada pasal 21 menyebutkan bahwa Pemerintah Daerah wajib memenuhi hak pegawai negeri sipil Satpol P, menyediakan sarana dan prasarana minimal Satpol PP dan melakukan pembinaan teknis opersional.</subfield>
    </datafield>
    <datafield tag="856" ind1="#" ind2="#">
      <subfield code="a">Puslatbang KMP LAN RI Makassar</subfield>
    </datafield>
  </record>
</collection>
